000 00276nam a22001337a 4500
020 _a81-7436-270-3
082 _a827
_bSET/S
100 _aSETHY, SUHEL
245 _aSHOCK AND AW!
260 _aNOIDA
_bROLI BOOKS
_c2003
300 _a95
650 _aJOKES
_zINDIA
942 _cBK
999 _c5692
_d5692